Principios de análisis matemático /

Guardado en:
Autor Principal: Rudin, Walter, 1921-
Formato: Libro
Idioma:Spanish
English
Publicado: New York : Madrid : McGraw-Hill ; Del Castillo, c1966.
Edición:2a. ed.
Etiquetas: Agregar Etiqueta
Sin Etiquetas, Sea el primero en etiquetar este registro!
LEADER 01163nam a22002055a 4500
001 MAT.inmabb007140
008 180801s1966####sp#######b####001#0#spa#d
005 20180801155915.0
245 1 0 |a Principios de análisis matemático /  |c Walter Rudin ; traducido por Mariano Baratech Zalama ; revisión técnica por Francisco Baratech Zalama. 
250 |a 2a. ed. 
260 |a New York :  |b McGraw-Hill ;  |a Madrid :  |b Del Castillo,  |c c1966. 
300 |a 278 p. ;  |c 24 cm. 
500 |a Traducción de la 2a. ed. en inglés: New York : McGraw-Hill, c1964. 
504 |a Incluye referencias bibliográficas (p. 271) e índice. 
505 0 |a 1. Sistemas de números reales y complejos -- 2. Elementos de la teoría de conjuntos -- 3. Sucesiones numéricas y series -- 4. Continuidad -- 5. Diferenciación -- 6. La integral de Riemann-Stieltjes -- 7. Sucesiones y series de funciones -- 8. Otros temas de la teoría de las series -- 9. Funciones de varias variables -- 10. Teoría de Lebesgue. 
100 1 |a Rudin, Walter,  |d 1921- 
240 1 0 |a Principles of mathematical analysis.  |l Español 
084 |a 26-01  |2 msc2000 
041 1 |a spa  |h eng 
859 |h 26  |i R916-2e  |p A-9208  |b BIB. MATEMATICA